000 00565nam a2200169 a 4500
001 000021009
005 20200930011218.0
008 100830s2003 dr 000 0 spa d
020 _a999344913X
040 _aDO-SdBNP
_bspa
_cBNPD
082 _axxx
_bD291p
100 1 _aDecamps R., Luis R
_d1959-
_943967
245 1 3 _aLa proa de los tiempos :
_b(juventud, polĂ­tica y compromiso social) /
_cLuis R. Decamps R.
260 _aSanto Domingo :
_bGente,
_c2003.
300 _a256 p. ;
_c25 cm.
500 _aIncluye datos biográficos del autor en la solapa de la cubierta
999 _c20512
_d20512